000
00277nam a22001337a 4500
003
SGT
082
_a
617.5, H06E
100
_a
ERNST, ARNE
245
_a
HEAD AND NECK TRAUMA
260
_a
NEW YORK
_b
THIEME PUB.
_c
2006
300
_a
222
650
_a
SURGERY
942
_2
ddc
_c
BK
999
_c
8399
_d
8399